000
00249nam a22001097a 4500
999
_c
58050
_d
58047
082
_a
621.37BER
100
_a
Berok R
245
_a
Electronics instrumentation and measurements
260
_a
Jalandhar
_b
Ishan Pub
_c
2012
300
_a
400
942
_c
BK